India 2020 (Record no. 1711)
[ view plain ]
| 000 -LEADER | |
|---|---|
| fixed length control field | 01075 a2200265 4500 |
| 008 - FIXED-LENGTH DATA ELEMENTS--GENERAL INFORMATION | |
| fixed length control field | 090408t xxu||||| |||| 00| 0 eng d |
| 020 ## - INTERNATIONAL STANDARD BOOK NUMBER | |
| Terms of availability | 250.00 |
| 020 ## - INTERNATIONAL STANDARD BOOK NUMBER | |
| International Standard Book Number | 0140278338 |
| Terms of availability | 250.00 |
| 035 ## - SYSTEM CONTROL NUMBER | |
| System control number | B-110382 |
| 035 ## - SYSTEM CONTROL NUMBER | |
| System control number | B-156762 |
| 037 ## - SOURCE OF ACQUISITION | |
| Source of stock number/acquisition | RP-L-369 / PANSY-05-06:9 / RP-05-06:ENG |
| 037 ## - SOURCE OF ACQUISITION | |
| Source of stock number/acquisition | RP-ZLS-2431 / PANSY-06-07:3 / RP-06-07:ENG |
| 082 ## - DEWEY DECIMAL CLASSIFICATION NUMBER | |
| Classification number | 306.4 |
| 100 ## - MAIN ENTRY--PERSONAL NAME | |
| Personal name | Abdul Kalam, A.P.J. |
| 245 ## - TITLE STATEMENT | |
| Title | India 2020 |
| Statement of responsibility, etc | by A.P.J. Abdul Kalam and Y.S. Rajan |
| Remainder of title | a vision for the new millennium |
| 260 ## - PUBLICATION, DISTRIBUTION, ETC. (IMPRINT) | |
| Place of publication, distribution, etc | New Delhi |
| Name of publisher, distributor, etc | Penguin Books |
| Date of publication, distribution, etc | 1998 |
| 260 ## - PUBLICATION, DISTRIBUTION, ETC. (IMPRINT) | |
| Place of publication, distribution, etc | New Delhi |
| Name of publisher, distributor, etc | Penguin Books |
| Date of publication, distribution, etc | 2002 |
| 270 ## - ADDRESS | |
| City | New Delhi |
| State or province | Delhi |
| 300 ## - PHYSICAL DESCRIPTION | |
| Extent | xvi, 324 p |
| Dimensions | 21 cm(pbk) |
| 500 ## - GENERAL NOTE | |
| General note | includes index & reference |
| 700 ## - ADDED ENTRY--PERSONAL NAME | |
| Personal name | Rajan, Y.S. |
| 942 ## - ADDED ENTRY ELEMENTS (KOHA) | |
| Institution code [OBSOLETE] | dpl |
| Item type | English Books |
| Call number prefix | 306.4 / ABD |
| Source of classification or shelving scheme | Dewey Decimal Classification |
| Withdrawn status | Lost status | Source of classification or shelving scheme | Damaged status | Not for loan | Collection code | Home library | Current library | Date acquired | Cost, normal purchase price | Total Checkouts | Full call number | Barcode | Date last seen | Copy number | Cost, replacement price | Koha item type |
|---|---|---|---|---|---|---|---|---|---|---|---|---|---|---|---|---|
| Dewey Decimal Classification | Non-fiction | Central Library | Central Library | 250.00 | 306.4 | B-110382 | 15/09/2008 | 1 | 250.00 | English Books | ||||||
| Dewey Decimal Classification | Non-fiction | Sarojini Nagar | Sarojini Nagar | 250.00 | 2 | 306.4 | B-156762 | 14/08/2019 | 1 | 250.00 | English Books |
